'W' Position Geography Quiz Stats

 Plays Quiz not verified by Sporcle

Challenge
Share
Tweet
Embed
Score 0/6 Timer 03:00
0 Plays Today
'W' Position Country % Correct
2nd PositionRwanda, Swaziland, Sweden, Switzerland
100%
3rd PositionKuwait, New Zealand
85.5%
4th PositionNorway, Taiwan
78.2%
5th PositionBotswana, Malawi
73.2%
7th PositionZimbabwe
60%
8th PositionPapua New Guinea
38.2%

You're not logged in!

Compare scores with friends on all Sporcle quizzes.
Join for Free
OR
Log In

You Might Also Like...

Show Comments

Extras

Created Jun 10, 2016ReportNominate
Tags:Country Quiz, Letter Quiz

Top Quizzes Today


Score Distribution

Your Account Isn't Verified!

In order to create a playlist on Sporcle, you need to verify the email address you used during registration. Go to your Sporcle Settings to finish the process.

Report this User

Report this user for behavior that violates our Community Guidelines.

Details: